Microelectronic circuits (Record no. 1329)

000 -LEADER
fixed length control field 00597nam a22002177a 4500
001 - CONTROL NUMBER
control field 1329
003 - CONTROL NUMBER IDENTIFIER
control field BD-DhUET
008 - FIXED-LENGTH DATA ELEMENTS--GENERAL INFORMATION
fixed length control field 140903b xxu||||| |||| 00| 0 eng d
020 ## - INTERNATIONAL STANDARD BOOK NUMBER
International Standard Book Number 0195680847
040 ## - CATALOGING SOURCE
Transcribing agency 0
Modifying agency BD-DhUET
082 ## - DEWEY DECIMAL CLASSIFICATION NUMBER
Classification number 623.8153
Item number SED/1982
100 ## - MAIN ENTRY--PERSONAL NAME
Personal name Sedra, Adel.S
245 ## - TITLE STATEMENT
Title Microelectronic circuits
Statement of responsibility, etc. by Adel S. Sedra and Kenneth C. Smith
250 ## - EDITION STATEMENT
Edition statement 5th ed.
260 ## - PUBLICATION, DISTRIBUTION, ETC. (IMPRINT)
Place of publication, distribution, etc. New York
Name of publisher, distributor, etc. Oxford University Press
Date of publication, distribution, etc. 1982
300 ## - PHYSICAL DESCRIPTION
Extent xxi, 1283 p.
Other physical details ill.
Dimensions 22 cm.
504 ## - BIBLIOGRAPHY, ETC. NOTE
Bibliography, etc Includes bibliographies
650 #0 - SUBJECT ADDED ENTRY--TOPICAL TERM
Topical term or geographic name as entry element Electronic-Circuits
700 ## - ADDED ENTRY--PERSONAL NAME
Personal name Smith, Kenneth C.
942 ## - ADDED ENTRY ELEMENTS (KOHA)
Koha item type General Book
Holdings
Koha item type Koha issues (times borrowed) Koha date last borrowed Koha normalized classification for sorting Source of classification or shelving scheme Price effective from Koha full call number Koha out on loan Lost status Withdrawn status Date acquired Shelving location Koha renewals Damaged status Sublocation or collection (holding branch) Copy number Piece designation (barcode) Not for loan Location (home branch) Koha date last seen
Guide Book92021-12-21623_000000000000000_8153SED200 2014-09-03623.8153/SED/2004   2014-09-03Circulation section1 Central Library, BUET1103871 Central Library, BUET2022-05-22
General Book72026-01-20623_815300000000000_SED_2004 2014-09-03623.8153/SED/20042026-02-03  2007-05-28Circulation section1 Central Library, BUET2103866 Central Library, BUET2026-01-20
Guide Book132022-11-22623_000000000000000_8153SED200 2014-09-03623.8153/SED/20042022-12-06  2014-09-03Circulation section  Central Library, BUET3103867 Central Library, BUET2022-11-22
Guide Book22016-02-27623_000000000000000_8153SED200 2014-09-03623.8153/SED/20042017-02-26  2014-09-03Circulation section  Central Library, BUET4103868 Central Library, BUET2016-02-27
Guide Book122024-03-06623_000000000000000_8153SED200 2014-09-03623.8153/SED/2004   2014-09-03Circulation section  Central Library, BUET5103870 Central Library, BUET2024-06-02
Guide Book132025-08-24623_000000000000000_8153SED200 2014-09-03623.8153/SED/2004   2014-09-03Circulation section2 Central Library, BUET6103873 Central Library, BUET2025-09-08
Guide Book162023-06-05623_000000000000000_8153SED200 2014-09-03623.8153/SED/20042023-06-19  2014-09-03Circulation section1 Central Library, BUET8103872 Central Library, BUET2023-06-05
Guide Book182025-09-24623_000000000000000_8153SED200 2014-09-03623.8153/SED/2004   2014-09-03Circulation section  Central Library, BUET9103874 Central Library, BUET2025-10-18
Guide Book52020-02-10623_000000000000000_8153SED200 2014-10-27623.8153/SED/20042021-02-09  2014-10-27Circulation section  Central Library, BUET10101693 Central Library, BUET2020-02-10
General Book12014-12-08623_815300000000000_SED_1982 2014-11-29623.8153/SED/1982   2014-11-29Circulation section  Central Library, BUET11107789 Central Library, BUET2026-03-08
General Book102025-04-29623_815300000000000_SED_1982 2016-03-27623.8153/SED/19822025-05-13  2016-03-27Circulation section  Central Library, BUET12101692 Central Library, BUET2025-04-29